000
00330nam a2200145Ia 4500
003
OSt
005
20240401094234.0
008
170524s9999 xx 000 0 und d
020
_a
8121703409
040
_c
IIMT
100
_a
Alok P D S
245
0
_a
Sanskrit Patrakarita
260
_b
PANCHCULA: HARYANA SAHITYA
942
_2
ddc
_c
02
999
_c
8960
_d
8960